| 000 | 00507nam a22001817a 4500 | ||
|---|---|---|---|
| 005 | 20230921111839.0 | ||
| 010 | _aENG-122412 | ||
| 020 |
_c700.00 _a9788193027738 |
||
| 035 | _aEN-105944 | ||
| 037 | _bDBAD/PUB | ||
| 082 | _a230.1 | ||
| 100 |
_aAmitabh Chandra _957239 |
||
| 245 |
_aHindu Myths / _cBy Amitabh Chandra |
||
| 260 |
_aAllahabad _bOm Publication _c2016 |
||
| 270 |
_bAllahabad _e211003 _a59, Pandariba |
||
| 300 |
_a248p. _c23cm.(Hb) _bill. |
||
| 942 |
_2ddc _cEN _mAMI _h230.1 |
||
| 999 |
_c150574 _d150574 |
||